|
|
|
|
| LEADER |
00872nab a2200217 i 4500 |
| 001 |
acta51019 |
| 005 |
20250627092628.0 |
| 008 |
180223s2017 hu o 000 eng d |
| 022 |
|
|
|a 1419-0222
|
| 024 |
7 |
|
|a 10.14232/belv.2017.4.13
|2 doi
|
| 040 |
|
|
|a SZTE Egyetemi Kiadványok Repozitórium
|b hun
|
| 041 |
|
|
|a eng
|
| 100 |
1 |
|
|a Brenner János
|
| 245 |
1 |
4 |
|a The face of German democracy
|h [elektronikus dokumentum] :
|b parliament and government buildings in Berlin /
|c Brenner János
|
| 260 |
|
|
|a Belvedere Meridionale
|b Szeged
|c 2017
|
| 300 |
|
|
|a 194-199
|
| 490 |
0 |
|
|a Belvedere Meridionale
|v 29 No. 4
|
| 650 |
|
4 |
|a Bölcsészettudományok
|
| 650 |
|
4 |
|a Történettudomány és régészet
|
| 695 |
|
|
|a Városépítészet - német - 20. sz., Építészettörténet - Berlin - 20. sz.
|
| 856 |
4 |
0 |
|u http://acta.bibl.u-szeged.hu/51019/1/belvedere_2017_004_194-199.pdf
|z Dokumentum-elérés
|